Normal view
MARC view
- IS (Organization)
Entry Corporate Name
001 - CONTROL NUMBER
- control field: 8476
003 - CONTROL NUMBER IDENTIFIER
- control field: NUST
005 - DATE AND TIME OF LATEST TRANSACTION
- control field: 20180117104044.0
008 - FIXED-LENGTH DATA ELEMENTS
- fixed length control field: 180117|| aca||aabn | a|a d
040 ## - CATALOGING SOURCE
- Original cataloging agency: NUST
- Transcribing agency: NUST
110 ## - HEADING--CORPORATE NAME
- Corporate name or jurisdiction name as entry element: IS (Organization)
670 ## - SOURCE DATA FOUND
- Source citation: Work cat.: (NUST)0: Rogers, Paul, 1943- author. 8475, Irregular war :
